000
00211nam a22001097a 4500
041
_a
eng
080
_a
55
090
_b
BRO
100
_a
Brooks, Maurice.
245
_a
The Life of the Mountains.
999
_c
280883
_d
280883
942
_c
BK